Đường Lưỡi bò và tham vọng của Trung Quốc trên biển đông.

Đã lưu trong:
Chi tiết về thư mục
Tác giả chính: Hoàng, Thị Hoài
Tác giả khác: Hoàng, Thị Hoài thực hiện
Định dạng: Sách
Ngôn ngữ:Vietnamese
Được phát hành: Đà Nẵng Trường Đại học Sư phạm 2012
Những chủ đề:
Các nhãn: Thêm thẻ
Không có thẻ, Là người đầu tiên thẻ bản ghi này!
Thư viện lưu trữ: Mạng thư viện Đại học Đà Nẵng
LEADER 01357nam a2200361 4500
001 000016902
003 13311
005 20130109080144.0
008 130109s2012 viesd
041 |a vie 
082 1 4 |a 951.2  |b HO-H 
100 1 |a Hoàng, Thị Hoài 
245 1 0 |a Đường Lưỡi bò và tham vọng của Trung Quốc trên biển đông.  |c Hoàng, Thị Hoài; Nguyễn, Thị Hằng  |k Báo cáo khoa học 
260 |a Đà Nẵng  |b Trường Đại học Sư phạm  |c 2012 
300 |a 41 tr., [5 phụ lục ]  |b mh. màu  |c 29 cm. 
500 |a Công trình tham gia hội nghị sinh viên nghiên cứu khoa học Trường Đại học Sư phạm năm 2012. Khoa Lịch sử. 
650 0 4 |a Đường Lưỡi bò  |v Báo cáo khoa học  |x Tham vọng biển đông  |z Trung Quốc 
653 |a Lịch sử 
653 |a Nghiên cứu khoa học 
653 |a Đường Lưỡi bò 
653 |a Tham vọng biển đông 
700 1 |a Hoàng, Thị Hoài  |c thực hiện 
700 1 |e thực hiện  |e Nguyễn, Thị Hằng 
700 1 |e Hướng dẫn  |e Lưu, Trang 
OWN |a LSP 
999 |a From the UDN01 
TYP |a Mixed Materials 
TYP |a Monograph 
TYP |a Printed language 
980 |a Mạng thư viện Đại học Đà Nẵng